The new handbook of Bioinfromatics/ (Record no. 154011)
[ view plain ]
| 000 -LEADER | |
|---|---|
| fixed length control field | 00625nam a22001937a 4500 |
| 003 - CONTROL NUMBER IDENTIFIER | |
| control field | dpl |
| 005 - DATE AND TIME OF LATEST TRANSACTION | |
| control field | 20181128135849.0 |
| 008 - FIXED-LENGTH DATA ELEMENTS--GENERAL INFORMATION | |
| fixed length control field | 180713b xxu||||| |||| 00| 0 eng d |
| 020 ## - INTERNATIONAL STANDARD BOOK NUMBER | |
| International Standard Book Number | 8125918434 |
| Terms of availability | 450.00 |
| 035 ## - SYSTEM CONTROL NUMBER | |
| System control number | B-163737,B-163740 |
| 040 ## - CATALOGING SOURCE | |
| Original cataloging agency | DPL |
| Language of cataloging | EN |
| Transcribing agency | 0 |
| 082 ## - DEWEY DECIMAL CLASSIFICATION NUMBER | |
| Classification number | 574.02854 |
| 100 ## - MAIN ENTRY--PERSONAL NAME | |
| Personal name | Malhotra, Puneet |
| 245 ## - TITLE STATEMENT | |
| Title | The new handbook of Bioinfromatics/ |
| Statement of responsibility, etc | by Puneet Malhotra, Kumud Sarin [and] Swapa K Srivastava |
| 260 ## - PUBLICATION, DISTRIBUTION, ETC. (IMPRINT) | |
| Place of publication, distribution, etc | New Delhi |
| Name of publisher, distributor, etc | Vikas publishing house pvt ltd |
| Date of publication, distribution, etc | 2005 |
| 300 ## - PHYSICAL DESCRIPTION | |
| Extent | v;356p; |
| Dimensions | 24cm; |
| 700 ## - ADDED ENTRY--PERSONAL NAME | |
| Personal name | Kumud Sarin, Swapna K Srivastava |
| 942 ## - ADDED ENTRY ELEMENTS (KOHA) | |
| Source of classification or shelving scheme | Dewey Decimal Classification |
| Koha item type | English Books |
| Item part | 574.02854 |
| Call number suffix | MEH |
| Withdrawn status | Lost status | Source of classification or shelving scheme | Damaged status | Not for loan | Collection code | Home library | Current library | Date acquired | Source of acquisition | Cost, normal purchase price | Total Checkouts | Full call number | Barcode | Date last seen | Cost, replacement price | Price effective from | Koha item type |
|---|---|---|---|---|---|---|---|---|---|---|---|---|---|---|---|---|---|
| Dewey Decimal Classification | Non-fiction | Patel Nagar | Patel Nagar | 13/07/2018 | BPPD/Pub | 450.00 | MEH | B-163737 | 13/07/2018 | 450.00 | 13/07/2018 | English Books | |||||
| Dewey Decimal Classification | Non-fiction | Shahdara Branch | Shahdara Branch | 28/11/2018 | BPPD/PUB | 450.00 | MEH | B-163740 | 28/11/2018 | 450.00 | 28/11/2018 | English Books |
